Dharma: decoding the epics for a meaningful life / (Record no. 181884)

MARC details
000 -LEADER
fixed length control field 00570nam a22001697a 4500
005 - DATE AND TIME OF LATEST TRANSACTION
control field 20211007160338.0
010 ## - LCCN (DPL NO)
LC control number EN230921
020 ## - INTERNATIONAL STANDARD BOOK NUMBER
International Standard Book Number 9789389648881
Terms of availability 499.00
037 ## - SOURCE OF ACQUISITION
Source of stock number/acquisition Westland Publications
100 ## - MAIN ENTRY--PERSONAL NAME
Personal name Amish
245 ## - TITLE STATEMENT
Title Dharma: decoding the epics for a meaningful life /
Statement of responsibility, etc by Amish [and] Bhavna Roy
260 ## - PUBLICATION, DISTRIBUTION, ETC. (IMPRINT)
Place of publication, distribution, etc Chennai
Name of publisher, distributor, etc Westland Publications
Date of publication, distribution, etc 2020
270 ## - ADDRESS
City Chennai
Address 1st Floor,A Block,East Wing,Plot No.40,SP Infocity,Dr MGR Salai,Perungudi,Kandanchavadi,
Postal code 600096
300 ## - PHYSICAL DESCRIPTION
Extent xx,198p.
Dimensions 19cm(Hb)
700 ## - ADDED ENTRY--PERSONAL NAME
Personal name Roy,Bhavna
942 ## - ADDED ENTRY ELEMENTS (KOHA)
Source of classification or shelving scheme Dewey Decimal Classification
Item type English Books
Call number suffix AMI

No items available.


© Delhi Public Library
Hit Counter
free hit counter